Efekty regionálnych sietí v cestovnom ruchu

Prezentácia vybraných aspektov fungovania regionálnych sietí v cestovnom ruchu a naznačenie aj ich slabých stránok, resp. problémov. Podstata regionálnych sietí. Vytváranie regionálnych sietí. Efekty regionálnych sietí.

Salvato in:
Dettagli Bibliografici
Autore principale: Michálková, Anna, 1968-
Natura: Capitolo di libro
Lingua:slovacco
Soggetti:
Tags: Aggiungi Tag
Nessun Tag, puoi essere il primo ad aggiungerne!!

MARC

LEADER 00000nla$a2200000$$$4500
001 0122457
005 20240502072402.5
041 0 |a slo 
044 |a SK 
245 1 0 |a Efekty regionálnych sietí v cestovnom ruchu  |c Anna Michálková 
520 |a Prezentácia vybraných aspektov fungovania regionálnych sietí v cestovnom ruchu a naznačenie aj ich slabých stránok, resp. problémov. Podstata regionálnych sietí. Vytváranie regionálnych sietí. Efekty regionálnych sietí. 
610 2 0 |a rozvoj regionálny 
610 2 0 |a siete regionálne 
610 2 0 |a klaster 
610 2 0 |a konflikty 
610 2 0 |a Slovensko 
100 1 |a Michálková, Anna, 1968-